| 000 | 00309nam a2200121 i 4500 | ||
|---|---|---|---|
| 001 | bg | ||
| 245 | 0 |
_aWybrane problemy górnictwa hut miedzi : _bKonferencja 3 - Karpacz, luty 1973. |
|
| 260 |
_aWrocław, _c1975. |
||
| 040 | _cBPK | ||
| 041 | _apol | ||
| 942 | _cKS | ||
| 008 | s pl f |000 0 pol | ||
| 999 |
_c16063 _d16063 |
||
| 856 |
_uhttp://koha.tu.koszalin.pl/cgi-bin/koha/opac-detail.pl?biblionumber=16063 _yKatalog online BPK |
||